Score 0/30 Timer 07:00
10 Plays Today
Question Answer % Correct
Easybrain
94.4%
EasyBack to the Future
91.8%
Easyogres
91.4%
Easyhemisphere
90%
EasyGreen Eggs
88.4%
EasyYen
87.2%
EasyFergie
86%
EasyAmerican Idol
85%
EasyLondon
82.9%
EasyGenesis
81.5%
MediumMegan Fox
75.3%
MediumAlaska and Hawaii
74.6%
MediumKarl Marx and Friedrich Engels
74.3%
MediumLesotho, Vatican City, San Marino
74.3%
MediumLaw & Order
72.9%
Question Answer % Correct
MediumArgentina
72.6%
MediumRoman Empire
71%
Mediumadultery
63.1%
MediumTokyo
55.9%
Mediumcumulus
54.4%
Hardmetamorphic
49.2%
HardFinger (Lakes)
47.2%
HardAtlantic City
46.9%
HardGermany
46.2%
HardZeppelin
41.6%
HardVincent Van Gogh
39.9%
HardPyotr Ilyich Tchaikovsky
37.5%
HardIndonesia, Malaysia, Brunei
36.7%
Hardtabula rasa
25.3%
HardSwitzerland
19.3%

You're not logged in!

Compare scores with friends on all Sporcle quizzes.
OR
Log In

Sporcle TV

Today on Sporcle TV


Watch our educational content, quiz creation guides, and fun videos on Sporcle TV.

Show Comments

Extras

Top Quizzes Today


Score Distribution

Your Account Isn't Verified!

In order to create a playlist on Sporcle, you need to verify the email address you used during registration. Go to your Sporcle Settings to finish the process.

Report this User

Report this user for behavior that violates our Community Guidelines.

Details: